Le naturel chez Stendhal (رقم التسجيلة. 106215)

تفاصيل مارك
000 -LEADER
fixed length control field 007090am a2200241 004500
003 - CONTROL NUMBER IDENTIFIER
control field EG-GiCUC
008 - FIXED-LENGTH DATA ELEMENTS--GENERAL INFORMATION
fixed length control field 790516s1956 fr b 000 0bfre c
040 ## - CATALOGING SOURCE
Original cataloging agency Harvard Univ. Library
Transcribing agency ArLUA
Modifying agency OCoLC
-- DLC
042 ## - AUTHENTICATION CODE
Authentication code premarc
050 00 - LIBRARY OF CONGRESS CALL NUMBER
Classification number PQ2441
Item number .M17
092 04 - LOCALLY ASSIGNED DEWEY CALL NUMBER (OCLC)
Classification number 843.7
Item number S8254m
Edition number 21
099 ## - LOCAL FREE-TEXT CALL NUMBER (OCLC)
Classification number 04
-- 843.7 S8254m
100 1# - MAIN ENTRY--PERSONAL NAME
Personal name Marill, Francine.
245 13 - TITLE STATEMENT
Title Le naturel chez Stendhal
Statement of responsibility, etc. [par] Francine Marill Alberes [pseud.]
260 ## - PUBLICATION, DISTRIBUTION, ETC.
Place of publication, distribution, etc. Paris,
Name of publisher, distributor, etc. Librairie Nizet
Date of publication, distribution, etc. [1956]
300 ## - PHYSICAL DESCRIPTION
Extent 470 p.
Dimensions 23 cm.
504 ## - BIBLIOGRAPHY, ETC. NOTE
Bibliography, etc. note Bibliography: p. [425]-453.
600 10 - SUBJECT ADDED ENTRY--PERSONAL NAME
Personal name Stendhal,
Dates associated with a name 1783-1842
General subdivision Criticism and interpretation.
902 ## - LOCAL DATA ELEMENT B, LDB (RLIN)
No. of Items 1
905 ## - LOCAL DATA ELEMENT E, LDE (RLIN)
Cataloger Eman
Reviser Rev
905 ## - LOCAL DATA ELEMENT E, LDE (RLIN)
Cataloger Jamal
Reviser Cat
942 ## - ADDED ENTRY ELEMENTS (KOHA)
Source of classification or shelving scheme Dewey Decimal Classification
Koha item type Books
المقتنيات
Source of classification or shelving scheme Not for loan Home library Current library Date acquired Full call number Barcode Date last seen Copy number Koha item type
Dewey Decimal Classification   المكتبة المركزبة الجديدة - جامعة القاهرة قاعة الانسانيات - الدور الثاني 11.02.2024 843.7 S8254m 01000110185692000 23.09.2023 C.1 Books
Cairo University Libraries Portal Implemented & Customized by: Eng. M. Mohamady Contacts: new-lib@cl.cu.edu.eg | cnul@cl.cu.edu.eg
CUCL logo CNUL logo
© All rights reserved — Cairo University Libraries
CUCL logo
Implemented & Customized by: Eng. M. Mohamady Contact: new-lib@cl.cu.edu.eg © All rights reserved — New Central Library
CNUL logo
Implemented & Customized by: Eng. M. Mohamady Contact: cnul@cl.cu.edu.eg © All rights reserved — Cairo National University Library